Adivina las series por escenas #1 - Estadísticas

Estadísticas generales
  • Esta prueba ha sido intentada 4.812 veces
  • La puntuación promedio es 13 de 20
Estadísticas de respuestas
Imagen Hint Respuesta % Correcto
2017-2021 La Casa de Papel
96%
2021-2025 Squid Game
95%
2011-2019 Game of Thrones
92%
2008-2013 Breaking Bad
90%
1989-Act. The Simpsons
89%
2022-Act. Wednesday
85%
2005-2013 The Office
84%
2013-Act. Rick and Morty
83%
1994-2004 Friends
80%
1986-1989 Dragon Ball
79%
2004-2012 House M.D.
74%
2009–2020 Modern Family
71%
2006-2007 Death Note
61%
2004-2010 Lost
51%
1999-2007 The Sopranos
43%
2019 Chernobyl
33%
2016-2019 Fleabag
20%
2007-2015 Mad Men
16%
2022-Act. Severance
14%
1990-1991 Twin Peaks
12%
No se encontraron pruebas coincidentes
Distribución de puntuación
Porcentaje de gente con cada puntuación
Porcentaje por número respondido
Historial de tus puntuaciones
No has intentado esta prueba.